Witamy w Bibliotece Naukowej Instytutu Łączności!

Volokonno-opticzeskie datcziki / (Rekord nr 2076)

000 -LEADER
fixed length control field 00369 a2200121 4500
020 ## - INTERNATIONAL STANDARD BOOK NUMBER
International Standard Book Number 5283024660
100 1# - MAIN ENTRY--PERSONAL NAME
Personal name Okosi, T..
Relator term Autor
245 0# - TITLE STATEMENT
Title Volokonno-opticzeskie datcziki /
Statement of responsibility, etc Okosi T., Okamoto K..
260 ## - PUBLICATION, DISTRIBUTION, ETC. (IMPRINT)
Place of publication, distribution, etc Moskva :
Name of publisher, distributor, etc Energoatomizdat,
Date of publication, distribution, etc 1991.
300 ## - PHYSICAL DESCRIPTION
Extent 256 s.:
Other physical details il.;
Dimensions 21 cm.
700 1# - ADDED ENTRY--PERSONAL NAME
Personal name Okamoto, K..
Relator term Autor
710 2# - ADDED ENTRY--CORPORATE NAME
Corporate name or jurisdiction name as entry element Energoatomizdat.
Relator term Wydawca
Relator code pbl
920 ## -
-- 5-283-02466-0

Brak dostępnych egzemplarzy.

Działa dzięki Koha